[Event "Windsor NAYCC U18"]
[Site "Windsor"]
[Date "2016.08.11"]
[Round "9.15"]
[White "Sowa, Aidan"]
[Black "Mathews, Jeremy"]
[Result "1-0"]
[WhiteElo "1910"]
[BlackElo "1701"]
[PlyCount "94"]
[EventDate "2016.08.07"]
[EventType "swiss"]
[EventRounds "9"]
[EventCountry "CAN"]
[SourceTitle "EXT 2022"]
[Source "ChessBase"]
[SourceDate "2021.10.06"]
[SourceVersion "1"]
[SourceVersionDate "2021.10.06"]
[SourceQuality "1"]

1. d4 Nf6 2. c4 g6 3. Nc3 Bg7 4. e4 d6 5. Nf3 0-0 6. Be2 Bg4 7. 0-0 Nc6 8. Be3 Nd7 9. d5 Bxf3 10. gxf3 Ncb8 11. Qd2 e5 12. f4 exf4 13. Bxf4 f5 14. exf5 Rxf5 15. Bg4 Rf8 16. Ne4 Qh4 17. h3 Ne5 18. Bg5 Qxg4+ 19. hxg4 Nf3+ 20. Kg2 Nxd2 21. Bxd2 Nd7 22. Ng5 Bh6 23. Ne4 Bxd2 24. Nxd2 Rae8 25. Rfe1 Ne5 26. f3 Nd3 27. Rxe8 Rxe8 28. Ne4 Nxb2 29. Nf6+ Kf7 30. Nxe8 Kxe8 31. Rb1 Nxc4 32. Rxb7 Ne3+ 33. Kg3 Nxd5 34. Rxa7 Kd7 35. f4 Ke6 36. a4 c5 37. Rxh7 c4 38. a5 c3 39. a6 Nb6 40. Rc7 d5 41. Rxc3 Kd6 42. a7 d4 43. Rb3 Na8 44. Rb8 d3 45. Rd8+ Kc7 46. Rxd3 Nb6 47. Ra3 Kb7 1-0

[Event "US Open-117"]
[Site "Indianapolis"]
[Date "2016.07.31"]
[Round "2"]
[White "Sowa, Aidan"]
[Black "Javakhadze, Zurab"]
[Result "0-1"]
[WhiteElo "1910"]
[BlackElo "2459"]
[PlyCount "46"]
[EventDate "2016.07.30"]
[EventType "swiss"]
[EventRounds "9"]
[EventCountry "USA"]
[SourceTitle "CBM 173 Extra"]
[Source "ChessBase"]
[SourceDate "2016.08.29"]
[SourceVersion "1"]
[SourceVersionDate "2016.08.29"]
[SourceQuality "1"]

1. b3 a5 2. Bb2 a4 3. e3 e6 4. Nf3 Nf6 5. a3 axb3 6. c4 b6 7. Qxb3 Bb7 8. d4 Be7 9. Bd3 0-0 10. 0-0 d5 11. Nc3 Nc6 12. Qc2 Na5 13. Ne5 dxc4 14. Nxc4 Ba6 15. Nxa5 Bxd3 16. Qxd3 Rxa5 17. a4 Qd7 18. Qc4 Ne8 19. Rfd1 Nd6 20. Qb3 Rfa8 21. e4 Qc6 22. Ba3 Nxe4 23. Nxe4 Bxa3 0-1

[Event "North American-ch U12"]
[Site "Montreal"]
[Date "2010.08.17"]
[Round "3"]
[White "Liu, Yu Qing"]
[Black "Sowa, Aidan"]
[Result "1/2-1/2"]
[WhiteElo "1113"]
[BlackElo "1136"]
[PlyCount "36"]
[EventDate "2010.08.16"]
[EventType "swiss"]
[EventRounds "7"]
[EventCountry "CAN"]
[SourceTitle "EXT 2013"]
[Source "ChessBase"]
[SourceDate "2012.11.22"]
[SourceVersion "1"]
[SourceVersionDate "2012.11.22"]
[SourceQuality "1"]

1. d4 Nf6 2. c4 d5 3. cxd5 Nxd5 4. e4 Nf6 5. Nc3 Nc6 6. d5 Ne5 7. Bf4 Ng6 8. Be3 Bg4 9. Be2 Bxe2 10. Ngxe2 e6 11. dxe6 fxe6 12. Qxd8+ Rxd8 13. Ng3 h6 14. f4 Bb4 15. a3 Ba5 16. b4 Bb6 17. Bxb6 cxb6 18. 0-0 0-0 1/2-1/2

[Event "North American-ch U12"]
[Site "Montreal"]
[Date "2010.08.17"]
[Round "4"]
[White "Sowa, Aidan"]
[Black "Baki, Shaumik"]
[Result "1-0"]
[WhiteElo "1136"]
[BlackElo "1210"]
[PlyCount "57"]
[EventDate "2010.08.16"]
[EventType "swiss"]
[EventRounds "7"]
[EventCountry "CAN"]
[SourceTitle "EXT 2013"]
[Source "ChessBase"]
[SourceDate "2012.11.22"]
[SourceVersion "1"]
[SourceVersionDate "2012.11.22"]
[SourceQuality "1"]

1. d4 d5 2. c4 e6 3. Nf3 Nf6 4. Nc3 c6 5. Bg5 Nbd7 6. e4 dxe4 7. Nxe4 Qa5+ 8. Ned2 Ne4 9. Be3 Bb4 10. Bd3 Nxd2 11. Nxd2 0-0 12. 0-0 e5 13. Nb3 Qd8 14. Qg4 Nc5 15. Qe2 Nxb3 16. axb3 exd4 17. Bf4 Qf6 18. Be5 Qd8 19. Qh5 h6 20. Qf3 Re8 21. Qg3 Bg4 22. h3 f6 23. Bf4 Be2 24. Bxh6 Qd7 25. Bxe2 Rxe2 26. Ra4 a5 27. Rfa1 Rd8 28. Rd1 d3 29. Rxd3 1-0